| 000 | 00645nam a2200193 i 4500 | ||
|---|---|---|---|
| 001 | 75071 | ||
| 003 | ES-MaACL | ||
| 005 | 20230906172329.0 | ||
| 007 | t| | ||
| 008 | 040922s1960 sp ||||1| spa d | ||
| 100 | 1 |
_aGoñi Arregui, Fernando. _959085 |
|
| 245 | 1 | 3 |
_aEl mundo de las cosas _b: lo óntico, lo lógico, lo fenomémico / _cFernando Goñi Arregui. |
| 260 |
_aPamplona : _bDiputación Foral de Navarra, _c1960. |
||
| 300 |
_a157 p. ; _c20 cm. |
||
| 490 | 1 | _aInvestigaciones filosófico-científicas | |
| 830 | 0 |
_aInvestigaciones filosófico-científicas _9231238 |
|
| 852 |
_aES-MaACL _jC-19029 _bR.46689 |
||
| 999 |
_c75071 _d75071 |
||